000
00319nam a22001337a 4500
003
SGT
082
_a
617.1
_b
F93P
100
_a
PETERSON, L.
245
_a
FOLIA RHEUMATOLOGICA : SPORTS INJURIES
260
_a
SWITZERLAND
_b
CIBA-GEIGY PUB
_c
1993
650
_a
ORTHOPEDICS
653
_a
SPORTS INJURIES
942
_2
ddc
_c
RARE
999
_c
22332
_d
22332